1036 1833 1243 1617 1130 1102 1258 1187 1477 1601 1727 1335 1301 1747 1862 1786 1918 1360 1611 1731 1467 1962 1997 1854 1226 1081 1066 1193 1507 1908 1144 1268 1311 1223 1605 1663 1788 1796 1773 1257 1103 1953 1757 1538 1086 1633 1138 1293 1529 1372 1471 1204 1659 1042 1649 1431 1639 1923 1530 1658 1907 1847 1192 1495 1656 1854 1902 1385 1057 1993 1727 1459 1807 1760 1843 1953 1710 1795 1938 1622 1156 1721 1534 1620 1534 1298 1035 1627 1140 1179 1805 1733 1931 1416 1817 1462 1513 1032 1289 BCNSPRNW ULIB Ver.6.0+V

เปลี่ยนเป็นภาษาไทย

Change to English
 แสดงรายละเอียดบรรณานุกรม
  กลับหน้าหลัก

Brief Record : Get Marc (ISO 2709) : E-mail record : QR code < ปิดหน้าต่าง
LEADER : 00000nam 2200000uu 4500
001    13399112796
003     ULIB
008    110908s2551||||th 000 0 tha d
020    9789740321736
050 04 LB1590.3^bส748พ 2551
100 0  สุคนธ์ สินธพานนท์
245 10 พัฒนาทักษะการคิด...พิชิตการสอน /^cสุคนธ์ สินธพานนท์ ...[และคนอื่นๆ]
250    พิมพ์ครั้งที่ 3 (ฉบับแก้ไขเพิ่มเติม)
260    กรุงเทพฯ :^bศูนย์หนังสือจุฬาลงกรณ์มหาวิทยาลัย,^c2551
300    200 หน้า :^bภาพประกอบ
504    บรรณานุกรม: หน้า 196-200
650  7 การเรียนรู้
650  7 กิจกรรมการเรียนการสอน
650  7 ความคิค
945    ^p180^l0^i024017
945    ^p180^l0^i024018
995    ทศพร
999 ^a ทศพร
รายการนี้ยังไม่มีแท็ก
คุณยังไม่ได้ล็อกอิน คุณสามารถมีกิจกรรมร่วมกับเว็บไซต์ได้ แต่ต้องล็อกอินก่อน ::
  ล็อกอิน

รายการสื่อสารสนเทศ

ลำดับที่ ประเภท เลขเรียก/บาร์โค้ด สถานที่ สถานะ
- ไม่พบข้อมูล -

รายการใกล้เคียง
    หัวเรื่อง [การเรียนรู้]
    หัวเรื่อง [กิจกรรมการเรียนการสอน]
    หัวเรื่อง [ความคิค]

BibComment


ยังไม่เคยถูกคอมเมนท์

คอมเมนท์ทรัพยากรรายการนี้
  คอมเมนท์: พัฒนาทักษะการคิดพ..


 Copyright 2026. Bcnsprnw @Library